KOHA-Header-6

The Procurement Game Plan (Record no. 1020)

000 -LEADER
fixed length control field 00293nam a2200121Ia 4500
008 - FIXED-LENGTH DATA ELEMENTS--GENERAL INFORMATION
fixed length control field 190722s9999 xx 000 0 und d
020 ## - INTERNATIONAL STANDARD BOOK NUMBER
International Standard Book Number 978-81-315-2185-4
100 ## - MAIN ENTRY--PERSONAL NAME
Personal name Soheila R.Lunney
245 #4 - TITLE STATEMENT
Title The Procurement Game Plan
260 ## - PUBLICATION, DISTRIBUTION, ETC. (IMPRINT)
Place of publication, distribution, etc India
Name of publisher, distributor, etc J.Ross
Date of publication, distribution, etc 2012
300 ## - PHYSICAL DESCRIPTION
Extent 251
942 ## - ADDED ENTRY ELEMENTS (KOHA)
Koha item type Books
Holdings
Withdrawn status Lost status Damaged status Not for loan Collection code Permanent Location Current Location Shelving location Date acquired Full call number Barcode Date last seen Price effective from Koha item type
        Management MAJU MAJU   2019-07-22 658.72 7645 2019-07-22 2019-07-22 Management

Powered by Koha